000 00505nam a2200193 a 4500
001 13900
003 CO-ViMGA
008 141112s2004 ck r 000 u spa d
020 _a8425507979
040 _aCO-ViMGA
_bspa
_cCO-ViMGA
082 0 4 _a796.342 A665t
100 1 _aApplewhaite, Charles; Moss, Bill
_920268
245 1 0 _aTenis completo
260 _aBarcelona :
_bHispano Europea,
_c1992
300 _a187
590 _aForma de adquisición : Compra
650 1 4 _aTENIS
_952472
942 _2ddc
_cBK
999 _c24602
_d24602